000 00360 a2200157 4500
001 149460
040 _cEscola São Tomás de Aquino
100 _aCOSTA, Wagner
240 1 0 _aO segredo da amizade
_lpor
245 1 0 _aO segredo da amizade
300 _a47
362 0 _a2002
440 1 _aModerna
697 _a*LITERATURA INFANTO JUVENIL
942 _cBK
999 _c149460
_d149460